Biology of animals / (Record no. 182833)
[ view plain ]
| 000 -LEADER | |
|---|---|
| fixed length control field | 00849 a2200205 4500 |
| 003 - CONTROL NUMBER IDENTIFIER | |
| control field | Nust |
| 005 - DATE AND TIME OF LATEST TRANSACTION | |
| control field | 20221013112755.0 |
| 010 ## - LIBRARY OF CONGRESS CONTROL NUMBER | |
| LC control number | 76175188 |
| 020 ## - INTERNATIONAL STANDARD BOOK NUMBER | |
| International Standard Book Number | 0801621658 |
| 040 ## - CATALOGING SOURCE | |
| Transcribing agency | Nust |
| 082 00 - DEWEY DECIMAL CLASSIFICATION NUMBER | |
| Classification number | 574,HIC |
| 100 1# - MAIN ENTRY--PERSONAL NAME | |
| Personal name | Hickman, Cleveland Pendleton, |
| 9 (RLIN) | 100096 |
| 245 10 - TITLE STATEMENT | |
| Title | Biology of animals / |
| Statement of responsibility, etc. | Cleveland P. Hickman, Cleveland P. Hickman, |
| 260 ## - PUBLICATION, DISTRIBUTION, ETC. | |
| Place of publication, distribution, etc. | Saint Louis, |
| Name of publisher, distributor, etc. | C. V. Mosby Co., |
| Date of publication, distribution, etc. | 1972. |
| 300 ## - PHYSICAL DESCRIPTION | |
| Extent | x, 522 p. |
| Other physical details | illus. |
| Dimensions | 27 cm. |
| 505 ## - FORMATTED CONTENTS NOTE | |
| Formatted contents note | Part-1: How Life Differs from the Nonliving (Page-3), Part-2: The Organization of the animal Body (Page-35), Part-3: Physiology of Animals (Page-83), Part -4: Environmental Relations of the Animal (Page-195), Part-5: The Continuity of Life (Page-255), Part-6: The Diversity of Life (Page-351). |
| 650 #0 - SUBJECT ADDED ENTRY--TOPICAL TERM | |
| Topical term or geographic name entry element | Zoology. |
| 9 (RLIN) | 29558 |
| 700 1# - ADDED ENTRY--PERSONAL NAME | |
| Personal name | Hickman, Cleveland P., |
| 9 (RLIN) | 100097 |
| 942 ## - ADDED ENTRY ELEMENTS (KOHA) | |
| Source of classification or shelving scheme | |
| Koha item type | Book |
| Withdrawn status | Lost status | Source of classification or shelving scheme | Damaged status | Not for loan | Permanent Location | Current Location | Shelving location | Date acquired | Full call number | Barcode | Date last seen | Price effective from | Koha item type | Public note |
|---|---|---|---|---|---|---|---|---|---|---|---|---|---|---|
| Military College of Signals (MCS) | Military College of Signals (MCS) | General Stacks | 12/12/2016 | 574,HIC | MCS20740 | 12/08/2016 | 12/12/2016 | Book | Almirah No.25, Shelf No.6 |
